<?xml version="1.0" encoding="UTF-8"?>
<record
    xmlns:xsi="http://www.w3.org/2001/XMLSchema-instance"
    xsi:schemaLocation="http://www.loc.gov/MARC21/slim http://www.loc.gov/standards/marcxml/schema/MARC21slim.xsd"
    xmlns="http://www.loc.gov/MARC21/slim">

  <leader>01710nam0a22003131  4500</leader>
  <controlfield tag="001">v19\rc\1264119</controlfield>
  <controlfield tag="005">20250618002432.0</controlfield>
  <datafield tag="035" ind1=" " ind2=" ">
    <subfield code="a">(NLR Aleph) 004417755</subfield>
  </datafield>
  <datafield tag="090" ind1=" " ind2=" ">
    <subfield code="a">4093727</subfield>
    <subfield code="c">4093727</subfield>
  </datafield>
  <datafield tag="100" ind1=" " ind2=" ">
    <subfield code="a">20060306e18931893|||y0rusy50      ca</subfield>
  </datafield>
  <datafield tag="101" ind1="1" ind2=" ">
    <subfield code="a">rus</subfield>
    <subfield code="c">eng</subfield>
  </datafield>
  <datafield tag="102" ind1=" " ind2=" ">
    <subfield code="a">RU</subfield>
  </datafield>
  <datafield tag="105" ind1=" " ind2=" ">
    <subfield code="a">y   z   |||||</subfield>
  </datafield>
  <datafield tag="200" ind1="1" ind2=" ">
    <subfield code="a">[&#x418;&#x43D;&#x441;&#x442;&#x440;&#x443;&#x43A;&#x446;&#x438;&#x44F; &#x434;&#x43B;&#x44F; &#x430;&#x433;&#x435;&#x43D;&#x442;&#x43E;&#x432; &#x43F;&#x43E; &#x43A;&#x43E;&#x43C;&#x43C;&#x435;&#x440;&#x447;&#x435;&#x441;&#x43A;&#x43E;&#x439; &#x447;&#x430;&#x441;&#x442;&#x438; &#x434;&#x432;&#x438;&#x436;&#x435;&#x43D;&#x438;&#x44F; (&#x442;&#x43E;&#x432;&#x430;&#x440;&#x43D;&#x430;&#x44F; &#x441;&#x43B;&#x443;&#x436;&#x431;&#x430;)</subfield>
    <subfield code="e">"Rules and regulations governing freight traffic", by Alfred Fraser. New-York, 1892"]</subfield>
    <subfield code="f">[&#x41F;&#x435;&#x440;. &#x438; &#x43F;&#x440;&#x435;&#x434;&#x438;&#x441;&#x43B;. &#x420;. &#x41F;&#x43B;&#x430;&#x441;&#x442;&#x443;&#x43D;&#x43E;&#x432;&#x430;]</subfield>
  </datafield>
  <datafield tag="210" ind1=" " ind2=" ">
    <subfield code="a">&#x41A;&#x438;&#x435;&#x432;</subfield>
    <subfield code="c">&#x442;&#x438;&#x43F;&#x43E;-&#x43B;&#x438;&#x442;. &#x442;-&#x432;&#x430; &#x418;.&#x41D;. &#x41A;&#x443;&#x448;&#x43D;&#x435;&#x440;&#x435;&#x432; &#x438; &#x41A;&#x2070; &#x432; &#x41C;&#x43E;&#x441;&#x43A;&#x432;&#x435;, &#x41A;&#x438;&#x435;&#x432;&#x441;&#x43A;. &#x43E;&#x442;&#x434;&#x435;&#x43B;.</subfield>
    <subfield code="d">1893</subfield>
  </datafield>
  <datafield tag="215" ind1=" " ind2=" ">
    <subfield code="a">117 &#x441;.</subfield>
    <subfield code="d">24</subfield>
  </datafield>
  <datafield tag="225" ind1="1" ind2=" ">
    <subfield code="a">&#x41E;&#x440;&#x433;&#x430;&#x43D;&#x438;&#x437;&#x430;&#x446;&#x438;&#x44F; &#x43A;&#x43E;&#x43C;&#x43C;&#x435;&#x440;&#x447;&#x435;&#x441;&#x43A;&#x43E;&#x439; &#x447;&#x430;&#x441;&#x442;&#x438; &#x434;&#x432;&#x438;&#x436;&#x435;&#x43D;&#x438;&#x44F; &#x43D;&#x430; &#x430;&#x43C;&#x435;&#x440;&#x438;&#x43A;&#x430;&#x43D;&#x441;&#x43A;&#x438;&#x445; &#x436;&#x435;&#x43B;&#x435;&#x437;&#x43D;&#x44B;&#x445; &#x434;&#x43E;&#x440;&#x43E;&#x433;&#x430;&#x445;</subfield>
    <subfield code="f">&#x420;. &#x41F;&#x43B;&#x430;&#x441;&#x442;&#x443;&#x43D;&#x43E;&#x432;&#x430;</subfield>
    <subfield code="v">1</subfield>
  </datafield>
  <datafield tag="311" ind1=" " ind2=" ">
    <subfield code="a">&#x418;&#x437;&#x432;&#x43B;&#x435;&#x447;. &#x438;&#x437; &#x436;&#x443;&#x440;&#x43D;. "&#x418;&#x43D;&#x436;&#x435;&#x43D;&#x435;&#x440;" &#x437;&#x430; 1893 &#x433;.</subfield>
  </datafield>
  <datafield tag="320" ind1=" " ind2=" ">
    <subfield code="a">&#x411;&#x438;&#x431;&#x43B;&#x438;&#x43E;&#x433;&#x440;. &#x432; &#x43F;&#x440;&#x438;&#x43C;&#x435;&#x447;.</subfield>
  </datafield>
  <datafield tag="454" ind1=" " ind2="0">
    <subfield code="1">2001#$aRules and regulations governing freight traffic$fBy Alfred Fraser</subfield>
    <subfield code="1">210##$aNew-York$d1892</subfield>
    <subfield code="1">700#1$aFraser$bA.$gAlfred</subfield>
    <subfield code="t">Rules and regulations governing freight traffic</subfield>
    <subfield code="a">Fraser, Alfred</subfield>
  </datafield>
  <datafield tag="488" ind1=" " ind2="0">
    <subfield code="1">2001#$a&#x418;&#x43D;&#x436;&#x435;&#x43D;&#x435;&#x440;$v1893</subfield>
    <subfield code="t">&#x418;&#x43D;&#x436;&#x435;&#x43D;&#x435;&#x440;</subfield>
  </datafield>
  <datafield tag="540" ind1="1" ind2="3">
    <subfield code="a">&#x418;&#x43D;&#x441;&#x442;&#x440;&#x443;&#x43A;&#x446;&#x438;&#x44F; &#x434;&#x43B;&#x44F; &#x430;&#x433;&#x435;&#x43D;&#x442;&#x43E;&#x432; &#x43F;&#x43E; &#x43A;&#x43E;&#x43C;&#x43C;&#x435;&#x440;&#x447;&#x435;&#x441;&#x43A;&#x43E;&#x439; &#x447;&#x430;&#x441;&#x442;&#x438; &#x434;&#x432;&#x438;&#x436;&#x435;&#x43D;&#x438;&#x44F; (&#x442;&#x43E;&#x432;&#x430;&#x440;&#x43D;&#x430;&#x44F; &#x441;&#x43B;&#x443;&#x436;&#x431;&#x430;)</subfield>
  </datafield>
  <datafield tag="700" ind1=" " ind2="1">
    <subfield code="a">&#x424;&#x440;&#x435;&#x439;&#x437;&#x435;&#x440;</subfield>
    <subfield code="b">&#x410;.&#x41B;.</subfield>
    <subfield code="g">&#x410;&#x43B;&#x44C;&#x444;&#x440;&#x435;&#x434; &#x41B;.</subfield>
  </datafield>
  <datafield tag="702" ind1=" " ind2="1">
    <subfield code="a">&#x41F;&#x43B;&#x430;&#x441;&#x442;&#x443;&#x43D;&#x43E;&#x432;</subfield>
    <subfield code="b">&#x420;.</subfield>
    <subfield code="4">730</subfield>
    <subfield code="4">080</subfield>
  </datafield>
  <datafield tag="801" ind1=" " ind2="0">
    <subfield code="a">RU</subfield>
    <subfield code="b">NLR</subfield>
    <subfield code="g">psbo</subfield>
  </datafield>
  <datafield tag="801" ind1=" " ind2="1">
    <subfield code="a">RU</subfield>
    <subfield code="b">ProSoft-M</subfield>
    <subfield code="2">rusmarc</subfield>
  </datafield>
  <datafield tag="852" ind1=" " ind2=" ">
    <subfield code="a">NLR</subfield>
    <subfield code="j">18.182.5.21</subfield>
  </datafield>
  <datafield tag="942" ind1=" " ind2=" ">
    <subfield code="c">BOOK</subfield>
  </datafield>
  <datafield tag="980" ind1=" " ind2=" ">
    <subfield code="a">NB</subfield>
  </datafield>
  <datafield tag="995" ind1=" " ind2=" ">
    <subfield code="5">2013-10-26</subfield>
    <subfield code="b">NLR02</subfield>
    <subfield code="c">NLR02</subfield>
    <subfield code="e">RFS</subfield>
    <subfield code="f">4417755-10</subfield>
    <subfield code="k">18.182.5.21</subfield>
    <subfield code="o">0</subfield>
    <subfield code="r">BOOK</subfield>
    <subfield code="s">18182521_</subfield>
  </datafield>
</record>
